000 00529nam a2200181 i 4500
001 84129
003 ES-MaACL
005 20230906174942.0
007 t|
008 041119s1978 sp ||||1| spa d
100 1 _aJalée, Pierre.
_965946
245 1 0 _aManual de Economía política /
_cPierre Jalle ; [traducción, Daniel de Laiglesia].
250 _a[2ª ed.].
260 _a[Madrid :
_bFundamentos,
_c1978]
300 _a165 p. ;
_c19 cm.
700 1 _aLaiglesia, Daniel de.
_969669
852 _aES-MaACL
_jA-8258
_bR.97414
999 _c84129
_d84129